| 000 | 00000nam##2200000za#4500 |
| 001 | 9.574042 |
| 003 | CaOODSP |
| 005 | 20210624184006 |
| 007 | cr ||||||||||| |
| 008 | 150406|1995||||xxc|||||o f|0| 0 eng|d |
| 022 | |a1488-5379 |
| 040 | |aCaOODSP|beng |
| 043 | |an-cn--- |
| 086 | 1 |aFs97-6/2043E-PDF |
| 110 | 1 |aCanada. |bDepartment of Fisheries and Oceans. |
| 245 | 14|aThe Copper Lake buffer zone study : |h[electronic resource]|bproject site description and general study design / |cby D. A. Scruton ... [et al.]. |
| 260 | |aSt. John's - Newfoundland and Labrador : |bFisheries and Oceans Canada |cMarch 1995. |
| 300 | |a56p.|bgraphs, maps, references, tables |
| 490 | 1 |aCanadian technical report of fisheries and aquatic sciences|x1488-5379|vNo. 2043 |
| 500 | |aThe catalogue number (Fs97-6/2043E) and ISSN (0706-6457) for the print edition have been incorrectly copied in this electronic publication. |
| 590 | |a12-22-Supp|b2012-05-24 |
| 720 | 1 |aScruton, D. A. |
| 776 | 0#|tThe Copper Lake buffer zone study : |w(CaOODSP)9.612611 |
| 830 | #0|aCanadian technical report of fisheries and aquatic sciences,|x1488-5379|vNo. 2043|w(CaOODSP)9.504449 |
| 856 | 40|ahttp://publications.gc.ca|qPDF|s3.01 MB|uhttps://publications.gc.ca/collections/collection_2012/mpo-dfo/Fs97-6-2043-eng.pdf|yNo. 2043 |